Logo BPK

Biblioteka

Politechniki Koszalińskiej

Kultura pogranicza - pogranicze kultur = (Rekord nr 52626)

Szczegóły MARC
000 -ETYKIETA REKORDU
podpole kontrolne o stałej długości 01138nam a2200241 i 4500
001 - NUMER KONTROLNY REKORDU
pole kontrolne bg
015 ## - NUMER BIBLIOGRAFII NARODOWEJ
Numer bibliografii narodowej PB 4961/2006
020 ## - MIĘDZYNARODOWY ZNORMALIZOWANY NUMER KSIĄŻKI - ISBN
ISBN 8389709546 (WSH)
040 ## - ŹRÓDŁO KATALOGOWANIA
Instytucja, która utworzyła rekord BPK
041 0# - KOD JĘZYKA
Kod języka tekstu polrus
Kod języka streszczenia lub abstraktu ruspol
080 ## - UNIWERSALNA KLASYFIKACJA DZIESIĘTNA - UKD
UKD 316.7(4-191.2-11)
920 ## - Międzynarodowy znormalizowany numer książki – ISBN
ISBN 83-89709-54-6 (WSH)
008 - POLE O STAŁEJ DŁUGOŚCI - DANE KONTROLNE
podpole kontrolne o stałej długości s pl f |000 0 pol
245 00 - TYTUŁ/ODPOWIEDZIALNOŚĆ
Tytuł Kultura pogranicza - pogranicze kultur =
Ciąg dalszy tytułu =Kul'tura pogranič'ja - pogranič'e kul'tur /
Pozostałe elementy strefy tytułu i oznaczenia odpowiedzialności red. nauk. Adam Bobryk ; Siedleckie Stowarzyszenie Społeczno-Kulturalne "Brama", Wyższa Szkoła Humanistyczna im. Aleksandra Gieysztora.
246 11 - WARIANT TYTUŁU
Tytuł Kul'tura pogranič'ja - pogranič'e kul'tur
260 ## - STREFA ADRESU WYDAWNICZEGO
Miejsce wydania Siedlce :
Nazwa wydawcy/dystrybutora Siedleckie Stowarzyszenie Społeczno-Kulturalne "Brama" ;
Miejsce wydania Pułtusk :
Nazwa wydawcy/dystrybutora Wyższa Szkoła Humanistyczna im. Aleksandra Gieysztora,
Data publikacji, dystrybucji/powstania dokumentu 2005.
300 ## - STREFA OPISU FIZYCZNEGO
Objętość 269 s. :
Inne cechy fizyczne il. ;
Rozmiary 21 cm.
500 ## - UWAGI OGÓLNE
Tekst uwagi Tekst częśc. ros. Streszcz. ros., pol. przy pracach.
504 ## - UWAGA DOTYCZĄCA BIBLIOGRAFII
Informacje o bibliografii Bibliogr. selektywna publ. pol. poświęconych problematyce pogranicza i tożsamości narodowej s. 253-260.
650 #9 - HASŁO PRZEDMIOTOWE W FORMIE NAZWY OGÓLNEJ LUB JEDNOSTKOWEJ
Nazwa ogólna lub geograficzna Regiony przygraniczne
Określnik ogólny kultura
Określnik geograficzny Europa Środkowo-Wschodnia
700 1# - HASŁO DODATKOWE - NAZWA OSOBOWA
Nazwa osobowa BOBRYK, Adam.
Określenie związku między hasłem a opisywanym materiałem Red.
942 ## - DODATKOWE ELEMENTY (KOHA)
Typ dokumentu Książka
Egzemplarze
Wycofany Status egzemplarza Uszkodzony Dostępność Lokalizacja stała Lokalizacja bieżąca Miejsce przechowywania Sygnatura Kod kreskowy Typ dokumentu
      Dostępny Biblioteka Politechniki Koszalińskiej Biblioteka Politechniki Koszalińskiej Wypożyczalnia BG 81253 02347233 Książka
© 2023 Biblioteka Politechniki Koszalińskiej :: KOHA